Measuring change in conservation areas (Record no. 75441)

MARC details
000 -LEADER
fixed length control field 00881cab a2200193 4500
001 - CONTROL NUMBER
control field L130075
008 - FIXED-LENGTH DATA ELEMENTS--GENERAL INFORMATION
fixed length control field 050620n2005 000 0 eng u
035 ## - SYSTEM CONTROL NUMBER
System control number (Sirsi) u130075
041 ## - LANGUAGE CODE
Language code of text/sound track or separate title eng
100 ## - MAIN ENTRY--PERSONAL NAME
Personal name Booth, Eddie
245 ## - TITLE STATEMENT
Title Measuring change in conservation areas
260 ## - PUBLICATION, DISTRIBUTION, ETC.
Date of publication, distribution, etc. 2005
490 ## - SERIES STATEMENT
Series statement Context
Volume/sequential designation (89) May 2005, 20-24(5)
520 ## - SUMMARY, ETC.
Summary, etc. Discussion of problems associated with the tracking of changes to property and land in conservation areas. Gives details of research undertaken by English Heritage into the potential for measuring change using four case studies. Presents the findings from those case studies, arguing that regular surveys are needed to show both the rate and causes of change.
590 ## - LOCAL NOTE (RLIN)
Local note IKA210605
690 ## - LOCAL SUBJECT ADDED ENTRY--TOPICAL TERM (OCLC, RLIN)
Topical term or geographic name as entry element ENVIRONMENTAL AND LAND CONSULTANCY-PLANNING AND DEVELOPMENT-DEVELOPMENT CONTROL
700 ## - ADDED ENTRY--PERSONAL NAME
Personal name Pickles, David
942 ## - ADDED ENTRY ELEMENTS (KOHA)
Suppress in OPAC 0
Holdings
Withdrawn status Lost status Source of classification or shelving scheme Damaged status Not for loan Home library Current library Shelving location Date acquired Total Checkouts Full call number Barcode Date last seen Copy number Price effective from Koha item type
    Dewey Decimal Classification     London London Journal article 20/06/2005   L130075 130075-1001 06/08/2019 1 06/08/2019 Journal article